Statistics for 3rd Declension Latin Adjective Endings Masculine and Feminine

Click here to take the quiz!

General Stats

  • This quiz has been taken 109 times
  • The average score is 8 of 10

Answer Stats

Latin % Correct
Dative Singular-i
92%
Genitive Singular-is
92%
Accusative Singular-em
85%
Ablative Singular-i
83%
Nominative Singular-is
83%
Nominative Plural-es
82%
Accusative Plural-es
80%
Dative Plural-ibus
79%
Ablative Plural-ibus
77%
Genitive Plural-ium
68%

Score Distribution

Percentile by Number Answered

Percent of People with Each Score

Your Score History

You have not taken this quiz